Language Quiz

Random Language or State Quiz

Hebrew States of America Quiz Stats

 Plays Quiz not verified by Sporcle

Support Sporcle.
Go Orange.
Score 0/50 Timer 07:00
0 Plays Today
מדינה State % Correct
דרום קרוליינהSouth Carolina
80.1%
ניו יורקNew York
79.7%
דרום דקוטהSouth Dakota
79.6%
צפון דקוטהNorth Dakota
79.1%
צפון קרוליינהNorth Carolina
78.9%
ניו מקסיקוNew Mexico
77.9%
ניו המפשיירNew Hampshire
77.8%
מייןMaine
77%
מיסיסיפיMississippi
75.7%
מישיגןMichigan
74.6%
ניו ג'רזיNew Jersey
74.6%
קליפורניהCalifornia
74.3%
אלבמהAlabama
73.9%
מרילנדMaryland
72.7%
פלורידהFlorida
72.7%
קולורדוColorado
72.6%
ג'ורג'יהGeorgia
72.6%
לואיזיאנהLouisiana
72.6%
רוד איילנדRhode Island
72.5%
קנזסKansas
72.5%
טקססTexas
72.4%
מינסוטהMinnesota
72.2%
אלסקהAlaska
71.8%
אריזונהArizona
71.7%
מונטנהMontana
71.6%
מדינה State % Correct
דלוורDelaware
71.2%
נבאדהNevada
71.2%
הוואיHawai'i
70.8%
קנטאקיKentucky
70.3%
מיזוריMissouri
70.3%
נברסקהNebraska
70.3%
אוקלהומהOklahoma
70.1%
ארקנסוArkansas
69.8%
פנסילבניהPennsylvania
69.8%
טנסיTennessee
69.3%
אורגוןOregon
69%
אוהיוOhio
68.9%
יוטהUtah
68.9%
איידהוIdaho
68%
אינדיאנהIndiana
67.2%
וירג'יניה המערביתWest Virginia
67.1%
קונטיקטConnecticut
67%
וירג'יניהVirginia
66.4%
וושינגטוןWashington
65.9%
איווהIowa
65.8%
אילינויIllinois
65.1%
ויסקונסיןWisconsin
64.5%
ורמונטVermont
64.5%
מסצ'וסטסMassachusetts
60.2%
ויומינגWyoming
58.8%

You're not logged in!

Compare scores with friends on all Sporcle quizzes.
OR
Log In

From the Vault

The 3rd Thing You Need to Know: '90s Fads

by MrWhiplash

This is for all you '90s kids out there.
Remove Ads.
Support Sporcle.
Get the best of Sporcle when you Go Orange. This ad-free experience offers more features, more stats, and more fun while also helping to support Sporcle. Thank you for becoming a member.

Show Comments

Extras

Top Quizzes Today


Score Distribution

Your Account Isn't Verified!

In order to create a playlist on Sporcle, you need to verify the email address you used during registration. Go to your Sporcle Settings to finish the process.

Report this User

Report this user for behavior that violates our Community Guidelines.

Details: